| Tag |
First Indicator |
Second Indicator |
Subfields |
| LEADER |
00000cam a2200000 4500 |
| 001 |
in00000068903 |
| 005 |
20151008050848.0 |
| 008 |
760210s1965 pau b 00010 eng |
| 010 |
|
|
|a 65027665
|
| 035 |
|
|
|a (OCoLC)01982556
|
| 035 |
|
|
|9 AAG3886AM
|
| 040 |
|
|
|a DLC
|c LLM
|d TXA
|d UtOrBLW
|
| 049 |
|
|
|a TXAM
|c [469475]
|
| 050 |
|
0 |
|a HG297
|b .B5
|
| 092 |
|
|
|a 332.422
|b B662w
|
| 100 |
1 |
|
|a Boarman, Patrick M.
|
| 245 |
1 |
4 |
|a The world's money ;
|b gold and the problem of international liquidity [an essay] /
|c by Patrick M. Boarman.
|
| 264 |
|
1 |
|a Lewisburg, Pa. :
|b Dept. of Economics, Bucknell University,
|c 1965.
|
| 300 |
|
|
|a 25 pages ;
|c 18 cm.
|
| 336 |
|
|
|a text
|b txt
|2 rdacontent
|
| 337 |
|
|
|a unmediated
|b n
|2 rdamedia
|
| 338 |
|
|
|a volume
|b nc
|2 rdacarrier
|
| 500 |
|
|
|a "Condensed version ... published originally in the Wall Street journal of May 10, 1965, under the title 'The world's money - its lack of quality, not its quantity, is the real problem.'"
|
| 504 |
|
|
|a Bibliographical footnotes.
|
| 650 |
|
0 |
|a Gold standard.
|
| 999 |
|
|
|a MARS
|
| 999 |
f |
f |
|s 66a4ee28-5b8b-3457-9c4d-52d6dac6b0dd
|i ffce6b2f-250b-370a-876f-d49d9c7c4851
|t 0
|
| 952 |
f |
f |
|p ric
|a Texas A&M University
|b Rellis Campus
|c Joint Library Facility
|d Remote Storage
|t 0
|e HG297 .B5
|h Library of Congress classification
|i unmediated -- volume
|m A14800733943
|
| 998 |
f |
f |
|a HG297 .B5
|t 0
|l Remote Storage
|